Svadba bude pod Svišťovkou s Ďurom Mokrým o herectve, počasí a rodičovstve -

Bibliographic Details
Main Authors: Vajdová, Lea (Author, Interviewer), Mokrý, Juraj, 1975- (Author)
Format: Article
Language:Slovak
PhysicalDescription:Obr.
ISSN:1335-2776
Subjects:
Online Access:www.markiza.sk

MARC

LEADER 00000nab a2200000 a 4500
001 vtls008954942
003 SK-MaSNL
005 20260303070333.0
008 070313|2007 xo wrz r 000 0 slo
015 |a SNBRB2007/03  |2 kevkjb 
038 |a KEVKJB 
040 |a KEVKJB  |b slo  |c KEVKJB  |e AACR2 
041 0 |a slo 
044 |a xo  |c SK 
080 |a 792.071.2  |2 2001 
080 |a 7.097.071.2  |2 2001 
080 |a 929 Mokrý, Juraj  |2 2001 
100 1 |a Vajdová, Lea  |4 ivr  |4 aut  |9 1032661 
245 1 0 |a Svadba bude pod Svišťovkou  |b s Ďurom Mokrým o herectve, počasí a rodičovstve -  |c Lea Vajdová, Juraj Mokrý 
300 |b Obr. 
600 1 7 |a Mokrý, Juraj,  |d 1977-  |2 kevkjb  |9 196629 
655 7 |a rozhovory  |2 kevkjb  |9 31831 
700 1 |a Mokrý, Juraj,  |d 1975-  |4 ive  |4 aut  |9 196628 
773 0 |t Markíza  |g Roč. X, č. 11 (2007), s. 26-28  |x 1335-2776 
852 |a KEVKJB  |b KIS3GCP 
856 4 1 |u www.markiza.sk 
958 |a BX 
999 |c 1754931  |d 1756861